Επιστημονική επετηρίδα : τιμητικός τόμος για τον ομότιμο καθηγητή τμήματος ναυτιλιακών σπουδών Βασίλειο Ν. Μεταξά = Essays in honour and in memory of late professor emeritus of maritime economics Dr. Basil N. Metaxas

Αποθηκεύτηκε σε:
Λεπτομέρειες βιβλιογραφικής εγγραφής
Συγγραφή απο Οργανισμό/Αρχή: Πανεπιστήμιο Πειραιώς Τμήμα Ναυτιλιακών Σπουδών
Μορφή: Βιβλίο
Γλώσσα:Greek
English
Δημοσίευση: Πειραιάς : Πανεπιστήμιο Πειραιώς. Τμήμα Ναυτιλιακών Σπουδών, 1997.
Θέματα:
Ετικέτες: Προσθήκη ετικέτας
Δεν υπάρχουν, Καταχωρήστε ετικέτα πρώτοι!

MARC

LEADER 00000cam a2200000 i 4500
001 1/11191
008 000908s1997####gr | | ||| |||| ||gre||
020 |a 9608607108  
035 |l 10063737 
040 |a GR-MY-UA  |b gre  |e aacr 
041 0 |a gre  |a eng 
082 0 |a 378.495  
110 2 |a Πανεπιστήμιο Πειραιώς  |b Τμήμα Ναυτιλιακών Σπουδών. 
245 1 0 |a Επιστημονική επετηρίδα :   |b τιμητικός τόμος για τον ομότιμο καθηγητή τμήματος ναυτιλιακών σπουδών Βασίλειο Ν. Μεταξά = Essays in honour and in memory of late professor emeritus of maritime economics Dr. Basil N. Metaxas /   |c Πανεπιστήμιο Πειραιώς. Τμήμα Ναυτιλιακών Σπουδών.  
246 1 |i Παράλληλος τίτλος:   |a Essays in honour and in memory of late professor emeritus of maritime economics Dr. Basil N. Metaxas  
260 |a Πειραιάς :   |b Πανεπιστήμιο Πειραιώς. Τμήμα Ναυτιλιακών Σπουδών,   |c 1997.  
300 |a 639 σ. ;   |c 24 εκ.  
504 |a Περιέχει βιβλιογραφικές αναφορές.  
610 2 0 |a Πανεπιστήμιο Πειραιώς. 
650 0 0 |a Education, Higher  |z Greece  |x Yearbooks. 
852 |a INST  |b CHIOS  |e 20000908  |h 378.495 ΠΑΝ  |p 005200018034  |q 005200018034  |t BK  |y 0 
901 |a BIBL2-2000-3 
909 |a Χ  |b 075822 
970 |z 2000/09/LITSA